000 00723nam a22002297a 4500
005 20170124110258.0
010 _aB-059907
020 _c00.00
_a812250213
035 _aB-059907
037 _bCen Lib/Ret
040 _aDPL
_bEN
082 _a954.022
_bGOE
100 _aGoel, Vikram Chandra
_9142422
245 _aFathehpur sikri :
_cby Vikram Chanda Goel
_bthe city of victory and harmony /
246 _b
260 _aNew Delhi
_bKitab Mahal
_c2000
270 _bNew Delhi
_a28, Netaji Subhash Marg
_e110002
300 _a96p. :
_c32cm(Hb)
_bill.
_e
650 _aMughal architecture -- Fatehpur-sikri
_994616
650 _aMedival Indan architecture
_994617
942 _2ddc
_cEN
_h954.022
_mGOE
999 _c136352
_d136352